| 000 | 00718nam a2200241Ia 4500 | ||
|---|---|---|---|
| 003 | OSt | ||
| 005 | 20220925212352.0 | ||
| 006 | a|||||r|||| 00| 0 | ||
| 007 | ta | ||
| 008 | 220923b |||||||| |||| 00| 0 eng d | ||
| 037 | _cGeneral Book | ||
| 040 |
_aRTL _cRTL _beng |
||
| 041 |
_2eng _aeng |
||
| 082 | _aB316, K6.1 | ||
| 100 | _aBourbaki Nicolas | ||
| 245 | 0 | _aElements of mathematics general topology. part 1 | |
| 260 |
_aLondon _bAddison-wesley publishing company _c1966 |
||
| 300 |
_aiii,236p. _ccm. |
||
| 490 | _aAdiwes international series in mathmatics .Ed by a J Lehwater | ||
| 650 | _aAnalysis | ||
| 942 |
_hB316, K6.1 _cGB _2CC |
||
| 999 |
_c560219 _d560219 |
||